| 000 | 00476nam a22001577a 4500 | ||
|---|---|---|---|
| 005 | 20231110130919.0 | ||
| 008 | 231110b |||||||| |||| 00| 0 eng d | ||
| 041 | _aEnglish | ||
| 082 | _a346.1 DOM | ||
| 100 |
_aHubbard, D and Wise, D _lEnglish |
||
| 245 |
_aDomestic Violence : Proposals for Law Reform / _cD Hubbard and D Wise |
||
| 260 | _c1998 | ||
| 300 |
_bvi, 117 pages ; _c30,5 cm. |
||
| 650 |
_aLegal practice _bLaw |
||
| 942 |
_cBK _6ALISON_BN_VRIES |
||
| 999 |
_c526 _d526 |
||